| 000 | 00717nam a22002177a 4500 | ||
|---|---|---|---|
| 003 | OSt | ||
| 005 | 20250425160943.0 | ||
| 008 | 210219s1998 ck ||||gr|||| 00| 0 spa d | ||
| 040 |
_aCO-JMCR _cCO-JMCR |
||
| 041 | 0 | _aspa | |
| 082 | 0 | 4 |
_aA-N _bROJc _223 |
| 100 | 1 |
_aRojas Herazo, Héctor, _eautor _912853 |
|
| 245 | 1 |
_aCelia se pudre / _cHéctor Rojas Herazo ; prologo, Jorge García Usta |
|
| 260 |
_aBogotá : _bMinisterio de Cultura, _c1986 |
||
| 300 |
_axxxiv, 1002 páginas ; _c21 cm. |
||
| 500 | _aDatos biográficos del autor en solapa frontal. | ||
| 650 | 2 | 4 |
_aLiteratura colombiana _913682 |
| 650 | 2 | 4 |
_aNovela colombiana _913683 |
| 700 | 1 |
_aGarcía Usta, Jorge, _eprologuista _913684 |
|
| 942 |
_2ddc _cBK |
||
| 999 |
_c7250 _d7250 |
||